000 01011nam a22002657a 4500
001 6770
003 FISKH
005 20250527111211.0
008 250527b cb ||||| |||| 00| 0 eng d
020 _a9780448458700
040 _aFISKH
_beng
_cFISKH
_dFISKH
050 _aPZ7.A8152 B
082 _a443
100 _aAshe, Jade
245 _aBatman and friends :
_bBatman the brave and the bold /
_cAdapted by Jade Ashe ; based on teleplays by J. M. Dematteis, Marsha Griffin, and Steven Melching ; Batman created by Bob Kane
260 _aNew York :
_bPenguin Young Readers,
_c2012.
300 _a32 pages :
_bcolor illustrations ;
_c23 cm
505 _aN
520 _a"Join Batman as he teams up with his friends Green Lantern, Plastic Man, Robin, and more to fight crime! Batman and his friends battle many enemies but work together to save the day."
521 8 _a550
_bLexile
521 8 _aN
_bRaz-Plus
650 _aSuperheroes
_vPicture Book
942 _2ddc
_cBK
_n0
999 _c6770
_d6770